000 00796nam a22002177a 4500
999 _c20762
_d20762
003 AR-CdUCM
008 190605b ||||| |||| 00| 0 spa d
040 _aMUNICIPALIDAD PROVINCIAL DEL CUSCO
_cBIBLIOTECA MUNICIPAL DEL CUSCO
082 _a630.72/
_bSA18
100 _aSaldivar Acuña, Efraín
_943360
245 _aImportancia de la reforestación de la ceja de montaña o selva alta, con especies forestales valiosas como la Araucaria Angustifolia O. Kuntze /
260 _aCusco :
_bCusco agronómico,
_c1965.
300 _a7 páginas ;
_c26 cm.
440 _aCuzco agronómico
_943361
500 _as/c
505 _aContenido : Descripción del árbol -- cultivo...
650 _aReforestación
_920236
650 _aEspecies forestales
_943362
942 _2ddc
_cLIBROS
945 _arcc